00277nam a2200121Ia 4500008004100000100001700041245002100058260003300079300000800112650001300120942000700133999001500140190216s9999||||xx |||||||||||||| ||und|| aKris A Jamsa 0aProgramming In C bGalgotia Publication Pvt Ltf a270 aComputer cBK c8404d8404